Historia de la Nación Argentina. desde los orígenes hasta la organización definitiva en 1862 / Vol. VI . Primera sección :

Guardado en:
Otros Autores: Canter, Juan., Corvalán Mendilaharsu, Dardo., Belgrano, Mario., Pueyrredón, Carlos A., Loza, Emilio., Ratto, Héctor R., Caillet-Bois, Ricardo R., Marfany, Roberto H.
Formato: Libro
Idioma:Spanish
Publicado: Buenos Aires : El Ateneo, 1961.
Edición:3a. ed.
Materias:
Etiquetas: Agregar Etiqueta
Sin Etiquetas, Sea el primero en etiquetar este registro!
LEADER 01018nam a2200253 a 4500
001 DER.der015536
008 251117s1961####ag#abcogr#####001#0#spa##
005 20251118175208.0
245 0 0 |a Historia de la Nación Argentina.  |n Vol. VI . Primera sección :  |b desde los orígenes hasta la organización definitiva en 1862 /  |c producida por Academia Nacional de la Historia. 
250 |a 3a. ed. 
260 a B |a Buenos Aires :  |b El Ateneo,  |c 1961. 
300 |a 605 p. 
505 0 |a La Independencia y la Organización Política (desde la Asamblea General Constituyente hasta el Congreso Constituyente de 1824) 
700 1 |a Levene, Ricardo.,  |e dir. 
700 1 |a Canter, Juan. 
700 1 |a Corvalán Mendilaharsu, Dardo. 
700 1 |a Belgrano, Mario. 
700 1 |a Pueyrredón, Carlos A. 
700 1 |a Loza, Emilio. 
700 1 |a Ratto, Héctor R. 
700 1 |a Caillet-Bois, Ricardo R. 
700 1 |a Marfany, Roberto H. 
650 7 |a HISTORIA ARGENTINA 
859 |a DERECHO  |b BIB. DERECHO  |h 982  |i ACA  |p 0010142  |v VI  |3 Vol. VI. 1° sección